| 000 | 01928nam a2200301Ia 4500 | ||
|---|---|---|---|
| 999 |
_c53836 _d53836 |
||
| 001 | 20887 | ||
| 003 | GE_BSU | ||
| 005 | 20210609182859.0 | ||
| 008 | 181216s ||||ge |||||||||||||| ||geo|| | ||
| 020 | _a9789941942808 | ||
| 040 | _cGE_BSU | ||
| 041 | _ageo | ||
| 080 | _a340 +347 ო-72 | ||
| 100 |
_aოსაკვე, კრისტოფერ _912004 |
||
| 245 |
_aანგლო-ამერიკულ სამართალში მორალური ზიანის ცნება, კლასიფიკაცია და ანაზღაურება = Moralharm in Anglo-American law: concept,classification and compensation / _cკრისტოფერ ოსაკვე ; მთარგმნელი თამარ შოთაძე ; რედაქტორი ირმა გელაშვილი. |
||
| 264 |
_aთბილისი : _bიურისტების სამყარო, _c2015. |
||
| 300 |
_a100 გვ. ; _c19 სმ. |
||
| 541 | _h7ლ.90თ. | ||
| 653 | _aანგლო-ამერიკულ სამართალში მორალური ზიანის ცნება, კლასიფიკაცია და ანაზღაურება | ||
| 653 | _aანგლო-ამერიკულ სამართალში მორალური ზიანის ცნება | ||
| 653 | _aკლასიფიკაცია და ანაზღაურება - 1 ნაწილი | ||
| 653 | _a მორალური ზიანის დიაგნოზი | ||
| 653 | _aცნებათა ურთიერთკავშირი | ||
| 653 | _aსამართალი | ||
| 700 |
_dშოთაძე, თამარ _eმთარგმნელი _98219 |
||
| 700 |
_aგელაშვილი, ირმა _eრედაქტორი _95726 |
||
| 942 |
_cBK _2udc |
||